| 000 | 00765nam a2200289 a 4500 | ||
|---|---|---|---|
| 003 | AR-BaBNM | ||
| 005 | 20251128202728.0 | ||
| 008 | 082120s2002 ||||||||||||||000 | spa|| | ||
| 020 | _a950-077-032-6 | ||
| 040 | _cAR-BaBNM | ||
| 100 | 1 | _aLuna, Felix | |
| 245 | 0 | 0 | _aConflictos y armonías en la historia argentina |
| 250 | _a5ª ed. | ||
| 260 |
_aBuenos Aires _bDe Belgrano _c1985 |
||
| 300 | _a513 p. | ||
| 490 | 0 | _aFiguras contemporáneas | |
| 650 | 4 | _aHISTORIA DE LAS IDEAS | |
| 650 | 4 | _aHISTORIA POLITICA | |
| 650 | 4 | _aROSAS Y SU TIEMPO | |
| 650 | 4 | _aREVOLUCIONES RADICALES | |
| 650 | 4 | _aPERIODO INDEPENDIENTE | |
| 650 | 4 | _aHISTORIA CULTURAL | |
| 650 | 4 | _aORGANIZACION NACIONAL | |
| 650 | 4 | _aHISTORIOGRAFIA | |
| 942 | _cBK | ||
| 998 | _cmariana | ||
| 999 |
_c285 _d285 |
||